Los sueños de un visionario explicados por los sueños de la metafísica

Guardat en:
Dades bibliogràfiques
Format: Llibre
Idioma:espanyol
Publicat: Madrid Alianza 1987
Matèries:
Etiquetes: Afegir etiqueta
Sense etiquetes, Sigues el primer a etiquetar aquest registre!

MARC

LEADER 00000nam a2200000 a 4500
001 UCW9389
003 CL-VaPUC
005 20210515001752.0
008 890407e19870000SP |||||||||||||||||spa|d
999 |c 221384  |d 221382 
040 |c Pontificia Universidad Católica de Valparaíso 
082 0 4 |a 142.3  |b KAN  |2 21 
245 1 4 |a Los sueños de un visionario explicados por los sueños de la metafísica 
260 |a Madrid  |b Alianza  |c 1987 
300 |a 127 p 
583 |a last modification  |c 19890407 00:00:00  |k Rodrigo Vera 
650 0 |a Teoría del conocimiento   |9 255038 
650 0 |a Metafísica  |9 265649 
852 |a BIBCUR 
942 |c BK  |2 ddc 
945 |d 19890407 00:00:00 
952 |0 0  |1 0  |4 0  |6 142_300000000000000_KAN_1987  |7 0  |8 A  |9 214649  |a BIBEDU  |b BIBEDU  |d 2019-11-15  |i 283202K  |o 142.3 KAN 1987  |p 283202K  |r 2019-11-15  |w 2019-11-15  |y BK  |k FIL